| 000 | 01047nam a2200205Ia 4500 | ||
|---|---|---|---|
| 999 |
_c48772 _d48772 |
||
| 001 | 15673 | ||
| 003 | GE_BSU | ||
| 005 | 20221222155812.0 | ||
| 008 | 181216s1979ge xx |||||||||||||| ||geo|| | ||
| 040 | _cGE_BSU | ||
| 041 | _ageo | ||
| 080 | _a821.353.1 ც-89 | ||
| 100 |
_aიაკობ, ცურტაველი _92937 |
||
| 245 |
_aწამებაი წმიდისა შუშანიკისი დედოფლისაი / _cიაკობ ცურტაველი, წერილი და ლექსიკონი დაურთო ც. ქურციკიძემ]. |
||
| 264 |
_aთბილისი : _bსაბჭ. საქართველო, _c1979. |
||
| 300 |
_a96გვ . : _bილ. ; _c 17 სმ. |
||
| 653 | _aწამებაი წმიდისა შუშანიკისი დედოფლისაი | ||
| 700 |
_aქურციკიძე, ც _eშესავალი წერილი და ლექსიკონი დაურთო _91286 |
||
| 942 |
_cBK _2udc |
||